00614nam a22001817a 450000500170000000800410001701000100005801100100006803500100007810000320008824501200012026000390024030000100027950000110028950200810030065000290038165000220041020220329141220.0971010s1987 r 00010 d a64516 a65488 a7233500aMeléndez García, Oscar. aEvaluación de huertos colectivos de nogal (Carya illinoensis Koch) en la región sureste del estado de Chihuahua aCd. Lerdo, Dgo. :bEl autor,c1987 a49 h. aD97-98 aTesis (Ing. Agr. Esp. en Zonas Aridas) -- UACH. Departamento de Zonas Aridas14aAgricultura cooperativa.14aNogalxChihuahua.